| 000 | 00602nam a2200241Ia 4500 | ||
|---|---|---|---|
| 005 | 20260430150302.0 | ||
| 008 | 008 250103s9999 xx 000 0 eng d | ||
| 037 | _aTheses | ||
| 040 | _aCRL | ||
| 040 | _beng | ||
| 040 | _ceng | ||
| 041 | _2eng | ||
| 041 | _aeng | ||
| 084 | _qCRL | ||
| 100 |
_aJmil Saema Au.; Mishra Ashutosh Gu. _91237031 |
||
| 245 | 0 | _aNeed for Matrimonial Property Law in India: A Critical Analysis | |
| 260 | _c2023 | ||
| 300 | _a179 | ||
| 650 | _aLaw | ||
| 700 | _aUniversity of Delhi. Faculty of Law. Deptt of Law | ||
| 942 | _cTH | ||
| 999 |
_c1849418 _d1849418 |
||